| 000 | 00492nam a2200157 4500 | ||
|---|---|---|---|
| 001 | 123114 | ||
| 003 | ES-MaACL | ||
| 005 | 20230906192120.0 | ||
| 007 | t| | ||
| 008 | 070214q1970 sp r ||||0| spa d | ||
| 110 | 1 |
_aEspaña. _bCortes Españolas. _bComisión de Leyes Fundamentales. _93666 |
|
| 245 | 1 | 0 | _aProyecto de Ley Sindical. |
| 260 |
_aMadrid : _bCortes Españolas, Comisión de Leyes Fundamentales, _c[1970?] |
||
| 300 |
_a6 v ; _c30 cm. |
||
| 852 |
_aES-MaACL _jC-42565-70 _bR.77634 |
||
| 999 |
_c123114 _d123114 |
||